| 000 | 00642nam a2200217 a 4500 | ||
|---|---|---|---|
| 001 | 3154 | ||
| 003 | CDMR | ||
| 005 | 20131106130954.0 | ||
| 008 | 130130s1995||||||||||||||||||||||||||||d | ||
| 020 | _a8488791178 | ||
| 040 |
_aCDMR _bcat _cCPC GIRONA |
||
| 100 | 1 |
_aCardús, Salvador _9145 |
|
| 245 | 1 | 0 |
_aPolítica de paper _b: premsa i poder a Catalunya (1981-1992) _cSalvador Cardús |
| 260 |
_aBarcelona _bLa Campana _c1995 |
||
| 300 | _a351 p. | ||
| 490 | 0 |
_aLa Campana _v99 |
|
| 650 | 0 | 4 |
_93176 _aPremsa i propaganda _y1981-1992 |
| 650 | 0 | 4 |
_94089 _aPremsa i política _zCatalunya |
| 650 | 0 | 4 |
_93379 _aNacionalisme _zCatalunya |
| 942 |
_cMON _2udc |
||
| 999 |
_c3154 _d3154 |
||